000 00653 a2200157 4500
001 125793
020 _a9780545200783
040 _cEscola Canadense de Niteroi
100 _aLisa Molengraft
245 1 0 _aSuccess With Writing: Grade 2
362 0 _a2010
490 0 _aSuccess With Writing
520 _aHigh-interest topics and engaging exercises designed to stimulate and encourage children as they develop the necessary skills to become independent writers. Includes strategies with grade-appropriate skills that can be used in daily writing assignments such as journals, stories, and letters!
650 4 _aEducation and Teaching
942 _cBK
999 _c125793
_d125793